Quaid-i-Azam Mohammad Ali Jinnah : (Record no. 187494)
[ view plain ]
| 000 -LEADER | |
|---|---|
| fixed length control field | 00648 a2200169 4500 |
| 003 - CONTROL NUMBER IDENTIFIER | |
| control field | Nust |
| 005 - DATE AND TIME OF LATEST TRANSACTION | |
| control field | 20230206115055.0 |
| 040 ## - CATALOGING SOURCE | |
| Transcribing agency | Nust |
| 082 ## - DEWEY DECIMAL CLASSIFICATION NUMBER | |
| Classification number | 954.9042,QUA |
| 100 ## - MAIN ENTRY--PERSONAL NAME | |
| Personal name | Mohammad Ali Jinnah , Quaid-i-Azam |
| 9 (RLIN) | 108650 |
| 245 ## - TITLE STATEMENT | |
| Title | Quaid-i-Azam Mohammad Ali Jinnah : |
| Remainder of title | speech and statements as Governor General of Pakistan 1947-48 / |
| Statement of responsibility, etc. | Quaid-i-Azam Mohammad Ali Jinnah , |
| 260 ## - PUBLICATION, DISTRIBUTION, ETC. | |
| Place of publication, distribution, etc. | Government of Pakistan Ministry of Information & Broadcasting |
| Name of publisher, distributor, etc. | Islamabad |
| Date of publication, distribution, etc. | 1989 |
| 300 ## - PHYSICAL DESCRIPTION | |
| Extent | 281 p |
| Other physical details | illus |
| Dimensions | digars |
| Accompanying material | 18 cm |
| 600 ## - SUBJECT ADDED ENTRY--PERSONAL NAME | |
| Personal name | Mohammad Ali Jinnah , Quaid-i-Azam |
| 9 (RLIN) | 108650 |
| 650 ## - SUBJECT ADDED ENTRY--TOPICAL TERM | |
| Topical term or geographic name entry element | Speech Governor General of Pakistan |
| 9 (RLIN) | 108651 |
| 942 ## - ADDED ENTRY ELEMENTS (KOHA) | |
| Source of classification or shelving scheme | |
| Koha item type | Book |
| Withdrawn status | Lost status | Source of classification or shelving scheme | Damaged status | Not for loan | Permanent Location | Current Location | Shelving location | Date acquired | Shelving control number | Full call number | Barcode | Date last seen | Price effective from | Koha item type | Public note |
|---|---|---|---|---|---|---|---|---|---|---|---|---|---|---|---|
| Military College of Signals (MCS) | Military College of Signals (MCS) | General Stacks | 12/12/2016 | Pakistan History | 954.9042,QUA | MCS4104 | 12/08/2016 | 12/12/2016 | Book | Almirah No.62, Shelf No.1 |
